LDR 00608naa#a2200169#i#450# 001 EN\INFRA-M\bibl\125819 005 20260702040120.4 011 ## _a2306-627X 100 ## _a20260615b2026####ek#y0engy0150####ca 102 ## _aRU 200 1# _aA Risk-Based Approach: Applying Industry Experience to State Program Budgeting _eJournal article 210 1# _aMoscow _cINFRA-M Academic Publishing LLC. _d2026 215 ## _a11 с. 608 ## _aJournal article _2local 675 ## _aГосударственные финансы. Финансовое законодательство. 351.72 _z 700 #1 _aBorisov _gA. S. 856 4# _anaukaru.ru _u